000 00589cab a2200217 4500
001 WB3138-03
008 090401t1995 xxu||||| |||| 00| 0 eng d
035 _a(Sirsi) u65674
041 _aeng
245 _aConstruction contracts online
260 _c1995
350 _a0
490 _aFinancial Times
_v12 October 1995, 13(1)
520 _aContext have launched an online database of `calls to tender` in EC, US and Japan.
650 _aONLINE DATABASES
650 _aProcurement-old
650 _aTENDERS
690 _aBUILT ENVIRONMENT
942 _n0
948 _c04/03/1997
999 _c40979
_d40979